| 000 | 00782cam a22002531 4500 | ||
|---|---|---|---|
| 001 | 7374160 | ||
| 003 | ASAB | ||
| 005 | 20180827062654.0 | ||
| 008 | 800111s1939 nyua 000 0 eng | ||
| 010 | _a 39004009 | ||
| 035 | _a(OCoLC)5865686 | ||
| 040 |
_aDLC _cASAB _dNcRS _dDLC |
||
| 042 | _apremarc | ||
| 050 | 0 | 0 |
_aS633 _b.G87 1939 |
| 082 | _a631.8 | ||
| 100 | 1 |
_aGustafson, Axel Ferdinand, _d1880- _92098 |
|
| 245 | 1 | 0 |
_aHandbook of fertilizers; _btheir sources, make-up, effects and use, _cby A. F. Gustafson. |
| 250 | _a3d ed. | ||
| 260 |
_aNew York, _bOrange Judd Pub. Co., _c1939. |
||
| 300 |
_a172 p. _billus. _c21 cm. |
||
| 500 | _a"Revised March, 1932; revised and reset January, 1939." | ||
| 906 |
_a7 _bcbc _coclcrpl _du _encip _f19 _gy-gencatlg |
||
| 942 |
_2ddc _cBK |
||
| 999 |
_c480210 _d480210 |
||